|
|
|
|
| LEADER |
01145nam a22002772a 4500 |
| 001 |
000205845 |
| 003 |
CZ BrMZK |
| 005 |
20110121181205.0 |
| 007 |
ta |
| 008 |
970107s1981 xr af f cze d |
| 015 |
|
|
|a cnb000160496
|
| 035 |
|
|
|a (OCoLC)8827359
|
| 040 |
|
|
|a BOA001
|b cze
|
| 100 |
1 |
|
|a Soukup, Lubomír,
|d 1915-2001
|7 jk01120555
|
| 245 |
1 |
0 |
|a Fráňa Šrámek a jižní Čechy :
|b literárně historická studie /
|c Lubomír Soukup
|
| 250 |
|
|
|a 1. vyd.
|
| 260 |
|
|
|a České Budějovice :
|b Jihočeské nakladatelství,
|c 1981
|
| 300 |
|
|
|a 189 s., fot. příl.
|
| 504 |
|
|
|a Obsahuje bibliografii
|
| 856 |
4 |
1 |
|u http://www.digitalniknihovna.cz/mzk/uuid/uuid:52aca450-2b20-11e2-a8e5-005056827e52
|y Digitalizovaný dokument
|x NDK
|
| 910 |
|
|
|a BOA001
|b PK-0092.041
|b 2-0840.127
|
| 964 |
|
|
|a Šrámek, Fráňa - České Budějovice - vztahy - studie
|
| 964 |
|
|
|a Šrámek, Fráňa - Čechy jižní - vztahy - studie
|
| 990 |
|
|
|a BK
|
| 996 |
7 |
|
|b 2619387529
|c 2-0840.127
|l MZK
|r Sklad / do 1 hodiny
|n 0
|w 000205845
|u 000020
|a 1
|e BOA001
|j MZK50
|s A
|
| 996 |
7 |
|
|b 3119900458
|c PK-0092.041
|l MZK
|r Sklad / do 1 hodiny
|n 14
|w 000205845
|u 000010
|a 1
|e BOA001
|j MZK50
|s A
|